Digest of tea statistics 1969-70, 1970-71, 1972-73 (Record no. 44968)

MARC details
000 -LEADER
fixed length control field 00300nam a2200121Ia 4500
082 ## - DEWEY DECIMAL CLASSIFICATION NUMBER
Item number DIG
245 #0 - TITLE STATEMENT
Title Digest of tea statistics 1969-70, 1970-71, 1972-73
260 ## - PUBLICATION, DISTRIBUTION, ETC. (IMPRINT)
Place of publication India
Name of publisher Tea board
Year of publication 1970
650 ## - SUBJECT ADDED ENTRY--TOPICAL TERM
Topical Term Statistics
650 ## - SUBJECT ADDED ENTRY--TOPICAL TERM
Topical Term Tea
942 ## - ADDED ENTRY ELEMENTS (KOHA)
Koha item type Books
Holdings
Withdrawn status Lost status Damaged status Not for loan Collection code Home library Current library Date acquired Source of acquisition Full call number Accession Number Koha item type
        Journal register RRII Library RRII Library 16/12/2021 Auction DIG J12471 Books